Mazarino (Registro nro. 640)

Detalles MARC
000 -CABECERA
Longitud fija campo de control 00618nam a2200205 b 4500
001 - NÚMERO DE CONTROL
Número de control 00000000073007
003 - IDENTIFICADOR DELl NÚMERO DE CONTROL
Identificador del número de control OSt
005 - FECHA Y HORA DE LA ÚLTIMA TRANSACCIÓN
Fecha y hora de la última transacción 20130909093002.0
008 - CÓDIGOS DE INFORMACIÓN DE LONGITUD FIJA
Códigos de información de longitud fija 020226s1969 esp 000 0 spa d
040 ## - FUENTE DE LA CATALOGACIÓN
Centro catalogador de origen BU-BP
Centro transcriptor BMC
082 ## - NÚMERO DE LA CLASIFICACIÓN DECIMAL DEWEY
Númeroo de clasificación 920 Mazarino
100 ## - PUNTO DE ACCESO PRINCIPAL-NOMBRE DE PERSONA
9 (RLIN) 754
Nombre de persona Bailly, Auguste
Fechas asociadas al nombre 1878-1967
245 10 - MENCIÓN DE TÍTULO
Título Mazarino
Mención de responsabilidad, etc. Auguste Bailly ; [traducción del francés por Felipe Ximénez de Sandoval]
260 ## - PUBLICACIÓN, DISTRIBUCIÓN, ETC. (PIE DE IMPRENTA)
Lugar de publicación, distribución, etc. Madrid
Nombre del editor, distribuidor, etc. Espasa-Calpe
Fecha de publicación, distribución, etc. 1969
300 ## - DESCRIPCIÓN FÍSICA
Extensión 215 p.
Dimensiones 18 cm
490 ## - MENCIÓN DE SERIE
Mención de serie Austral
Designación de volumen o secuencia 1444
600 ## - PUNTO DE ACCESO ADICIONAL DE MATERIA - NOMBRE DE PERSONA
9 (RLIN) 773
Nombre de persona Mazarin, Jules
Fechas asociadas al nombre 1602-1661
700 ## - PUNTO DE ACCESO ADICIONAL - NOMBRE DE PERSONA
9 (RLIN) 627
Nombre de persona Ximénez de Sandoval, Felipe
Fechas asociadas al nombre 1903-1978
942 ## - ENTRADA DE ELEMENTOS AGREGADOS (KOHA)
Fuente de clasificaión o esquema Dewey Decimal Classification
Koha [por defecto] tipo de item 1- Monografias
Existencias
Suprimido Perdido Fuente de clasificación o esquema Estropeado Restricciones de uso No para préstamo Código de colección Localización permanente Localización actual Localización en estanter&íacute;as Fecha adquisición Fuente de adquisición Número de inventario Préstamos totales Signatura completa Código de barras Fecha última consulta Coste, precio reemplazado Fecha del precio de reemplazo Tipo de item de Koha
NULL NULL Dewey Decimal Classification NULL Prestable NULL NULL Biblioteca Miguel de Cervantes - UNICAES Biblioteca Miguel de Cervantes - UNICAES Sala Principal 22/07/1998 Donación - Marco René Revelo 000686   920 BAI maz 1000686 05/06/2013 6.99 05/06/2013 1- Monografias